Szczegóły MARC21

Configurazioni dell'aforisma : ricerca sulla srittura aforistica . Vol.1 /

005 -DATA I CZAS OSTATNIEJ MODYFIKACJI [,]
    • @
    • pole kontrolne
    • 20070315155141.9
020 -Międzynarod. znormalizowany nr książki - ISBN [ , ]
    • a
    • Numer ISBN
    • 8849116640 Find
040 -Instytucja sporządzająca opis [ , ]
    • a
    • Instytucja, która sporządziła opis (NP)
    • SZCZ U
    • c
    • Instytucja, która sporządziła rekord (NP)
    • SZCZ U
041 -Język dokumentu [0, ]
    • a
    • Język tekstu (P)
    • włoski
    • h
    • Język tekstu oryginalnego i/lub pośredniego (P)
    • włoski
942 -Rodzaj dokumentu [ , ]
    • c
    • Rodzaj dokumentu
    • Książka
245 -Strefa tytułu i oznaczenia odpowiedzialności [0, ]
    • a
    • Tytuł
    • Configurazioni dell'aforisma : Find
    • b
    • Ciąg dalszy tytułu (NP)
    • ricerca sulla srittura aforistica . Find
    • n
    • Oznaczenie części (P)
    • Vol.1 /
    • c
    • Pozostałe elementy strefy tytułu i oznaczenia odpowiedzialności (NP)
    • diretta da Corrado Rosso.
260 -Strefa adresu wydawniczego [ , ]
    • a
    • Miejsce wydania (P)
    • Bologna :
    • b
    • Nazwa wydawcy (P)
    • CLUEB,
    • c
    • Data wydania (P)
    • 2000.
300 -Strefa opisu fizycznego [ , ]
    • a
    • Określenie formy książki i/lub objętość (NP)
    • 292 s :
    • b
    • Oznaczenie ilustracji (NP)
    • [2] k. fot :
    • c
    • Format (NP)
    • 21 cm.
490 -Strefa serii i książki wielotomowej - forma nie do wyszukiwania [0, ]
    • a
    • Tytuł (P)
    • (Heuresis 3 / Universitů di Bologna. Strumenti ; Find
    • v
    • Numeracja (P)
    • 16
080 -Uniwersalna Klasyfikacja Dziesiętna [ , ]
    • a
    • Symbol klasyfikacji
    • 82(091)-84(082.1)=50
080 -Uniwersalna Klasyfikacja Dziesiętna [ , ]
    • a
    • Symbol klasyfikacji
    • :830(091)-3(082.1)=50
080 -Uniwersalna Klasyfikacja Dziesiętna [ , ]
    • a
    • Symbol klasyfikacji
    • +850(091)-3(082.1)=50
080 -Uniwersalna Klasyfikacja Dziesiętna [ , ]
    • a
    • Symbol klasyfikacji
    • :82.09(082.1)=50
980 -Symbol UKD [ , ]
    • a
    • UKD
    • 82(091)-84(082.1)=50:830(091)-3(082.1)=50+850(091)-3(082.1)=50:82.09(082.1)=50
700 -Hasło dodatkowe - nazwa osobowa [ , ]
    • a
    • Nazwa osobowa (NP)
    • Rosso Corrado Find
920 -ISBN [ , ]
    • a
    • ISBN
    • 88-491-1664-0 Find
Numer inwentarzowy Data inwentaryzacji Sygnatura Lokalizacja Status udost.
A.73452005-11-09 WŁ. Literaturoznawstwo 06BM1